Score 0/17 Timer 10:00
0 Plays Today
% Correct
Miranda Sings
70.8%
John Green
46.2%
Shane Dawson
44.6%
Zoella
40%
Troye Sivan
38.5%
Jenna Marbles
33.8%
Hannah Hart
30.8%
Grace Helbig
27.7%
Bethany Mota
27.7%
% Correct
Fine Bros
27.7%
Smosh
26.2%
Mamrie Hart
24.6%
Hank Green
23.1%
Rhett & Link
23.1%
Tyler Oakley
18.5%
iJustine
13.8%
Michelle Phan
6.2%
Remove Ads.
Support Sporcle.
Get the best of Sporcle when you Go Orange. This ad-free experience offers more features, more stats, and more fun while also helping to support Sporcle. Thank you for becoming a member.

You're not logged in!

Compare scores with friends on all Sporcle quizzes.
OR
Log In

Show Comments

Extras

Created Dec 27, 2014ReportNominate
Tags:Clickable Quiz, Famous Quiz

Top Quizzes Today


Score Distribution

Your Account Isn't Verified!

In order to create a playlist on Sporcle, you need to verify the email address you used during registration. Go to your Sporcle Settings to finish the process.

Report this User

Report this user for behavior that violates our Community Guidelines.

Details: